| 000 | 01278nas a2200349 4500 | ||
|---|---|---|---|
| 001 | BR2013005958 | ||
| 003 | BR-BrBNA | ||
| 005 | 20231205122716.0 | ||
| 007 | ta | ||
| 008 | 230509b bl.|||p| |||| 00| 00por d | ||
| 040 |
_aBR-BrBNA _bpor _cBiblioteca Nacional de Agricultura |
||
| 041 | _a(Pt) | ||
| 072 | _aP33; P35 | ||
| 100 | 1 | _aLima, S.S. de | |
| 100 | 1 | _aLeite, L.F.C. | |
| 100 | 1 | _aOliveira, F. das C. | |
| 100 | 1 | _aCosta, D.B. da | |
| 245 | 1 | _aAtributos químicos e estoques de carbono e nitrogênio em argissolo vermelho-amarelo sob sistemas agroflorestais e agricultura de corte e queima no norte do Piauí | |
| 246 | 1 | _aChemical properties and carbon and nitrogen stocks in an acrisol under agroforestry system and slash and burn practices in northern Piauí state | |
| 650 | _aSOLO ARGILOSO | ||
| 650 | _aANÁLISE QUÍMICA | ||
| 650 | _aCARBONO | ||
| 650 | _aNITROGÊNIO | ||
| 650 | _aAGRICULTURA | ||
| 650 | _aFLORESTA | ||
| 650 | _aFERTILIDADE DO SOLO | ||
| 650 | _aQUALIDADE | ||
| 773 | 0 |
_tRevista Árvore (Brazil) _xISSN 0100-6762 _g(Jan-Feb 2011), v. 35(1) p. 51-60 _wBR2013005958 |
|
| 856 | 4 |
_uhttp://www.scielo.br/pdf/rarv/v35n1/06.pdf _yRecurso eletrônico (PDF) |
|
| 909 |
_a202311 _bLúcia _c55 _dLúcia Elande |
||
| 942 |
_2AGRIS _n0 _cANA |
||
| 999 |
_c230104 _d230104 |
||